LEADER 00684nam a2200193 i 4500 001 000000049895 003 CaOOAMICUS 005 20120525000000.0 008 120525s1966 it u000 u ita u 013 $a21066 040 $aSeMil$bita 245 12$aI limiti del potere /$cGiorgio Campanini. 260 $aForlì :$bEdizioni di Ethica,$c1966. 300 $a230 p. ;$c21 cm. 650 4$aPotere.$0(OLS)http://semarc/subject/8826 850 $aSeMil 852 $aSeMil$W1$xVenegono$y1$m2E III 153$j16050$B16050$CSeMilBibl$Z2$F16050 $81 996 $6245$aI limiti del potere$9(OLS)http://semarc/title/76059 996 $6260$aForlì :$bEdizioni di Ethica$9(OLS)http://semarc/publisher/41172 LEADER 00952nam a2200241 i 4500 001 000000054056 003 CaOOAMICUS 005 20230921163356.0 008 040628s1966 fr u000 u fre u 013 $a25228 040 $aSeMil$bita 100 1 $aCharpentier, Louis.$0(OLS)http://semarc/name/26831 245 14$aLes mystères de la Cathédrale de Chartres /$cLouis Charpentier. 260 $aParis :$bLaffont,$ccopyr. 1966. 300 $a174 p. ;$c26 cm. 650 4$aArte gotica.$0(OLS)http://semarc/subject/5810 650 4$aChartres - Chiese - Cattedrale Notre-Dame.$0(OLS)http://semarc/subject/48660 850 $aSeMil 852 $aSeMil$W1$xVenegono$y1$m5K XVI 2$j20210$B20210$CSeMilBibl$Z2$F20212 $81 961 $aOmaggio: Donazione 996 $6245$aLes mystères de la Cathédrale de Chartres$9(OLS)http://semarc/title/83550 996 $6260$aParis :$bLaffont$9(OLS)http://semarc/publisher/31807